Statistiques concernant Nourriture qui commence par G

Cliquez ici pour prendre le quiz!

Statistiques générales

  • Ce quiz a été pris 121 fois
  • Le résultat moyen est 6 sur 8

Statistiques - réponses

Réponse% Correct
Gâteau
97%
Glace
97%
Gaufre
92%
Groseille
88%
Gambas
68%
Girolle
59%
Gelée
57%
Gratin
57%

Distribution des résultats

Percentile par nombre de réponses

% des personnes avec chaque résultat

Votre développement - résultats

Vous n’avez pas pris ce quiz